Quản trị học

Sách trình bày những nội dung căn bản nhất về lĩnh vực quản trị khoa học trong kinh doanh như hoạch định, ra quyết định; tổ chức, quản trị nguồn nhân lực, truyền thông trong tổ chức; lãnh đạo; kiểm soát, quản trị thông tin, quản trị và đổi mớ...

पूर्ण विवरण

में बचाया:
ग्रंथसूची विवरण
मुख्य लेखक: Nguyễn, Hải Sản
स्वरूप: पुस्तक
भाषा:Undetermined
प्रकाशित: Thành phố Hồ Chí Minh Hồng Đức 2010
विषय:
टैग : टैग जोड़ें
कोई टैग नहीं, इस रिकॉर्ड को टैग करने वाले पहले व्यक्ति बनें!
Thư viện lưu trữ: Trung tâm Học liệu Trường Đại học Cần Thơ
LEADER 00937nam a2200205Ia 4500
001 CTU_166746
008 210402s9999 xx 000 0 und d
020 |c 105000 
082 |a 658 
082 |b S105 
100 |a Nguyễn, Hải Sản 
245 0 |a Quản trị học 
245 0 |c Nguyễn Hải Sản 
260 |a Thành phố Hồ Chí Minh 
260 |b Hồng Đức 
260 |c 2010 
520 |a Sách trình bày những nội dung căn bản nhất về lĩnh vực quản trị khoa học trong kinh doanh như hoạch định, ra quyết định; tổ chức, quản trị nguồn nhân lực, truyền thông trong tổ chức; lãnh đạo; kiểm soát, quản trị thông tin, quản trị và đổi mới. 
650 |a Management science,Khoa học quản lý 
904 |i Phuong, Năm 
980 |a Trung tâm Học liệu Trường Đại học Cần Thơ